banner-ar

فلسفة الفن الجميل / (Record no. 45627)

MARC details
000 -الفاتح
حقل البيانات ثابتة الطول 00525nam a2200181Ia 4500
008 - عناصر البيانات ثابتة الطول - معلومات عامة
حقل البيانات ثابتة الطول 140319s9999 xx 000 0 ara d
040 ## - مصدر الفهرسة
وكالة الفهرسة الأصلية GCL /
وكالة النسخ GCL
082 04 - رقم تصنيف ديوى العشرى
رقم التصنيف 111.85
رقم المادة م ف
100 1# - المدخل الرئيسى - إسم شخصى
الإسم الشخصى مجاهد عبدالمنعم مجاهد
245 10 - بيان العنوان
العنوان فلسفة الفن الجميل /
بيان المسئوليه,etc مجاهد عبدالمنعم مجاهد
300 ## - الوصف المادى
التعداد 139 ص
490 ## - بيان السلسلة
عنوان السلسلة السلسلة الثقافية
رقم المجلد/ التعيين التسلسلي 0
650 04 - المدخل الاضافى بالموضوع-مصطلح موضوعى
مصطلح موضوعي الفلسفة
650 04 - المدخل الاضافى بالموضوع-مصطلح موضوعى
مصطلح موضوعي الفن
650 04 - المدخل الاضافى بالموضوع-مصطلح موضوعى
مصطلح موضوعي الجمال - علم
942 ## - عناصر المدخل الإضافي( كوها)
مصدر التصنيف او مخطط الترفيف Dewey Decimal Classification
Koha [default] item type كتاب
Holdings
حالة التراجع حالة الفقد حالة تلف ليس للاعارة المكان المؤقت الموقع الحالى تاريخ الاكتساب اجمالي اﻻعارات رقم الطلب الباركود تاريخ اخر مشاهدة تاريخ تفعيل السعر نوع وعاء كوها
        مكتبة القاهرة الكبرى مكتبة القاهرة الكبرى 03/26/2014   111.85\م ف 111346 03/26/2014 03/26/2014 كتاب

Powered By

EGPV